[Event "Quebec op"]
[Site "Montreal CAN"]
[Date "2011.07.28"]
[Round "7"]
[White "Zhang, Zhiyuan"]
[Black "Hebert, Jean"]
[Result "0-1"]
[WhiteElo "2046"]
[BlackElo "2412"]
[PlyCount "126"]
[GameId "2160767909649507"]
[EventDate "2011.07.23"]
[EventType "swiss"]
[EventRounds "9"]
[EventCountry "CAN"]
[SourceTitle "EXT 2022"]
[Source "ChessBase"]
[SourceDate "2021.10.06"]
[SourceVersion "1"]
[SourceVersionDate "2021.10.06"]
[SourceQuality "1"]

1. e4 c5 2. Nf3 e6 3. c3 d5 4. exd5 Qxd5 5. d4 Nf6 6. Be2 Nc6 7. O-O cxd4 8. cxd4 Be7 9. Nc3 Qd6 10. a3 O-O 11. Be3 b6 12. Rc1 Bb7 13. Bd3 Rfd8 14. Bb1 Rac8 15. Qc2 g6 16. Qe2 a6 17. Rfd1 b5 18. b4 Qd7 19. Bg5 Nb8 20. Ne5 Qe8 21. Bxf6 Bxf6 22. Ne4 Bxe4 23. Qxe4 Bxe5 24. dxe5 Nc6 25. g3 Ne7 26. Ba2 Rxc1 27. Rxc1 Qd7 28. Bb1 Qd2 29. Qe1 Qb2 30. Kg2 Nd5 31. Be4 Qxe5 32. Bxd5 Qxe1 33. Rxe1 Rxd5 34. Re3 Rd2 35. Rc3 Ra2 36. h4 h5 37. Kf3 Kg7 38. Ke3 Kf6 39. Rb3 Kf5 40. Kf3 Rc2 41. Rd3 e5 42. Ke3 f6 43. Rb3 Kg4 44. a4 Rc4 45. axb5 axb5 46. Ke2 Kh3 47. Rf3 f5 48. Rd3 Rxb4 49. Rd6 Kg2 50. Rxg6 Rb2+ 51. Ke3 Rxf2 52. Re6 e4 53. Re5 Rf3+ 54. Kd4 b4 55. g4 hxg4 56. h5 Kg3 57. h6 Kf4 58. Rb5 Rd3+ 59. Kc4 Rh3 60. Rxb4 Rxh6 61. Kc3 g3 62. Kd2 g2 63. Rb1 Rh1 0-1

[Event "Quebec op"]
[Site "Montreal CAN"]
[Date "2011.07.29"]
[Round "8"]
[White "Dumont, Felix"]
[Black "Hebert, Jean"]
[Result "1/2-1/2"]
[WhiteElo "2007"]
[BlackElo "2412"]
[PlyCount "78"]
[GameId "2160767909649514"]
[EventDate "2011.07.23"]
[EventType "swiss"]
[EventRounds "9"]
[EventCountry "CAN"]
[SourceTitle "EXT 2022"]
[Source "ChessBase"]
[SourceDate "2021.10.06"]
[SourceVersion "1"]
[SourceVersionDate "2021.10.06"]
[SourceQuality "1"]

1. e4 d6 2. d4 g6 3. Nc3 c6 4. f4 d5 5. e5 h5 6. Nf3 Nh6 7. Be2 Bg4 8. O-O Nf5 9. e6 Bxf3 10. exf7+ Kxf7 11. Bxf3 Bg7 12. Ne2 Qb6 13. c3 e6 14. Kh1 Nd7 15. Re1 Rad8 16. Ng1 c5 17. Nh3 Bf6 18. dxc5 Nxc5 19. Ng5+ Bxg5 20. fxg5 Ne4 21. Bxe4 dxe4 22. Qe2 Qc6 23. Bf4 e5 24. Bxe5 Rhe8 25. Bf6 Rd3 26. Rad1 Qd5 27. b3 Ne3 28. Rc1 Ng4 29. Rf1 Kg8 30. Bd4 Qd6 31. Bg1 Rd2 32. Qc4+ Qe6 33. Qxe6+ Rxe6 34. h3 Ne5 35. Rf6 Rxf6 36. gxf6 Nd3 37. Rf1 Kf7 38. Bxa7 Rxa2 39. Bd4 Ra3 1/2-1/2

[Event "Quebec op"]
[Site "Montreal CAN"]
[Date "2011.07.30"]
[Round "9"]
[White "Hebert, Jean"]
[Black "Zhu, Hong Rui"]
[Result "1-0"]
[WhiteElo "2412"]
[BlackElo "2002"]
[PlyCount "45"]
[GameId "2160767909649561"]
[EventDate "2011.07.23"]
[EventType "swiss"]
[EventRounds "9"]
[EventCountry "CAN"]
[SourceTitle "EXT 2022"]
[Source "ChessBase"]
[SourceDate "2021.10.06"]
[SourceVersion "1"]
[SourceVersionDate "2021.10.06"]
[SourceQuality "1"]

1. Nf3 c5 2. c4 Nc6 3. Nc3 e5 4. e3 d6 5. d4 Bg4 6. d5 Nce7 7. h3 Bxf3 8. Qxf3 g6 9. h4 h5 10. e4 Bg7 11. g3 Nh6 12. Bh3 Neg8 13. Qd1 Nf6 14. Qa4+ Ke7 15. b4 Nd7 16. Be3 b6 17. bxc5 Nxc5 18. Bxc5 dxc5 19. Rd1 f5 20. d6+ Kf7 21. Qc6 Re8 22. d7 Re6 23. Qxa8 1-0

[Event "CAN-op (Pinnacle 48th CAN Op Ch)"]
[Site "Toronto CAN"]
[Date "2011.07.09"]
[Round "1"]
[White "Hebert, Jean"]
[Black "Knox, Christopher"]
[Result "1/2-1/2"]
[WhiteElo "2486"]
[BlackElo "2072"]
[PlyCount "95"]
[GameId "2160767909706954"]
[EventDate "2011.07.09"]
[EventType "swiss"]
[EventRounds "9"]
[EventCountry "CAN"]
[SourceTitle "EXT 2022"]
[Source "ChessBase"]
[SourceDate "2021.10.06"]
[SourceVersion "1"]
[SourceVersionDate "2021.10.06"]
[SourceQuality "1"]

1. Nf3 c5 2. c4 g6 3. e4 Bg7 4. d4 cxd4 5. Nxd4 Nc6 6. Be3 Nf6 7. Nc3 Ng4 8. Qxg4 Nxd4 9. Qd1 Ne6 10. Qd2 Qa5 11. Rc1 d6 12. Bd3 Bd7 13. O-O Bc6 14. f3 g5 15. b3 Be5 16. Rfd1 Bf4 17. Nd5 Qxd2 18. Bxd2 Bxd2 19. Rxd2 f6 20. Kf2 Kf7 21. Bf1 h5 22. b4 b6 23. Ke3 h4 24. Rc3 Rhc8 25. Rcc2 Rab8 26. a3 Ba4 27. Rb2 Bc6 28. g3 hxg3 29. hxg3 Rh8 30. Rh2 Rbg8 31. Rbg2 Bd7 32. Be2 Bc6 33. Bd3 Bb7 34. Rb2 Rc8 35. Bf1 Ba6 36. b5 Bb7 37. Bh3 Rcg8 38. Bxe6+ Kxe6 39. a4 Bxd5 40. exd5+ Kd7 41. a5 Kc7 42. axb6+ Kxb6 43. Rxh8 Rxh8 44. Ra2 Rh1 45. Ra6+ Kc5 46. Kd3 Rd1+ 47. Ke2 Rb1 48. Rxa7 1/2-1/2

[Event "CAN-op (Pinnacle 48th CAN Op Ch)"]
[Site "Toronto CAN"]
[Date "2011.07.10"]
[Round "2"]
[White "Chan, James"]
[Black "Hebert, Jean"]
[Result "0-1"]
[WhiteElo "2022"]
[BlackElo "2486"]
[PlyCount "60"]
[GameId "2160767909707012"]
[EventDate "2011.07.09"]
[EventType "swiss"]
[EventRounds "9"]
[EventCountry "CAN"]
[SourceTitle "EXT 2022"]
[Source "ChessBase"]
[SourceDate "2021.10.06"]
[SourceVersion "1"]
[SourceVersionDate "2021.10.06"]
[SourceQuality "1"]

1. e4 e6 2. d4 d5 3. e5 c5 4. c3 Nc6 5. Nf3 Qb6 6. a3 Nh6 7. Bd3 cxd4 8. cxd4 Nf5 9. Bxf5 exf5 10. Nc3 Be6 11. h4 h6 12. Kf1 Be7 13. Kg1 Rc8 14. Ne2 Na5 15. Nf4 Nb3 16. Rb1 Nxc1 17. Rxc1 O-O 18. Nd3 Qb5 19. Rxc8 Rxc8 20. Kh2 Rc4 21. Qd2 Qc6 22. Rd1 b6 23. Qe3 Qb5 24. g3 Qb3 25. Re1 Rc2 26. Re2 f4 27. Nxf4 Rxb2 28. Rxb2 Qxb2 29. a4 Qa2 30. Qc3 Qxf2+ 0-1

[Event "CAN-op (Pinnacle 48th CAN Op Ch)"]
[Site "Toronto CAN"]
[Date "2011.07.11"]
[Round "3"]
[White "Hebert, Jean"]
[Black "Campbell, Brett"]
[Result "1-0"]
[WhiteElo "2486"]
[BlackElo "2246"]
[PlyCount "115"]
[GameId "2160767909707091"]
[EventDate "2011.07.09"]
[EventType "swiss"]
[EventRounds "9"]
[EventCountry "CAN"]
[SourceTitle "EXT 2022"]
[Source "ChessBase"]
[SourceDate "2021.10.06"]
[SourceVersion "1"]
[SourceVersionDate "2021.10.06"]
[SourceQuality "1"]

1. e4 e5 2. Nf3 Nc6 3. Bc4 Be7 4. Nc3 Nf6 5. d4 d6 6. h3 O-O 7. Be3 Nxe4 8. Nxe4 d5 9. Nxe5 Nxe5 10. dxe5 dxe4 11. Qe2 c6 12. O-O Bf5 13. Rfd1 Qc7 14. e6 Bxe6 15. Bxe6 fxe6 16. Qg4 Bf6 17. Qxe6+ Qf7 18. Qxf7+ Rxf7 19. c3 b6 20. Rd6 Rc8 21. Rad1 Re7 22. Kf1 Kf7 23. Ke2 Be5 24. Rd8 Rcc7 25. Bg5 Bf6 26. Bf4 Rb7 27. R8d6 c5 28. Ke3 b5 29. Rc6 c4 30. Rd5 h6 31. Rdc5 g5 32. Bd6 Re6 33. Rc7+ Rxc7 34. Rxc7+ Kg6 35. Bc5 a6 36. Bd4 Be7 37. g4 h5 38. Ke2 hxg4 39. hxg4 Bf6 40. Ra7 Bxd4 41. cxd4 Rc6 42. a3 b4 43. axb4 Rb6 44. Ke3 Rxb4 45. Rxa6+ Kf7 46. Rc6 Ke7 47. Kxe4 Rxb2 48. f3 Re2+ 49. Kf5 Re3 50. Rxc4 Rxf3+ 51. Kxg5 Kd6 52. Kg6 Rf8 53. g5 Kd5 54. Rc7 Kxd4 55. Rf7 Rg8+ 56. Kf6 Ra8 57. g6 Ra6+ 58. Kg5 1-0

[Event "CAN-op (Pinnacle 48th CAN Op Ch)"]
[Site "Toronto CAN"]
[Date "2011.07.12"]
[Round "4"]
[White "Wang, Richard"]
[Black "Hebert, Jean"]
[Result "0-1"]
[WhiteElo "2240"]
[BlackElo "2414"]
[PlyCount "124"]
[GameId "2160767909707203"]
[EventDate "2011.07.09"]
[EventType "swiss"]
[EventRounds "9"]
[EventCountry "CAN"]
[SourceTitle "CBM 143 Extra"]
[Source "ChessBase"]
[SourceDate "2011.08.29"]
[SourceVersion "1"]
[SourceVersionDate "2011.08.29"]
[SourceQuality "1"]

1. d4 Nf6 2. Nf3 e6 3. e3 b6 4. Bd3 Bb7 5. O-O d5 6. b3 Bd6 7. Bb2 O-O 8. Ne5 c5 9. f4 Nc6 10. a3 cxd4 11. exd4 Ne4 12. Nd2 f6 13. Nef3 f5 14. Ne5 Nxe5 15. fxe5 Be7 16. Nxe4 fxe4 17. Be2 Qd7 18. Qd2 a5 19. a4 h6 20. Rxf8+ Rxf8 21. Rf1 Rxf1+ 22. Bxf1 Bg5 23. Qe1 Qc8 24. c3 Ba6 25. Bc1 Bxf1 26. Kxf1 Qa6+ 27. Kf2 Bxc1 28. Qxc1 Qd3 29. h4 Kh7 30. h5 Kg8 31. Qe3 Qc2+ 32. Qe2 Qxc3 33. Qd1 Kf7 34. Kg1 Qe3+ 35. Kh1 Qg5 36. Qe2 Kg8 37. Kg1 Kh7 38. Kh1 Qh4+ 39. Kg1 Kg8 40. Kf1 Qf4+ 41. Kg1 e3 42. Qb2 Kh8 43. Qc2 Qf8 44. Qe2 Qf5 45. Qxe3 Qxh5 46. Qd2 Qg4 47. b4 Qe4 48. bxa5 bxa5 49. Qc3 Kh7 50. Kh2 g5 51. Qb2 Kg6 52. Kh1 Kf5 53. Qf2+ Kg4 54. Kg1 h5 55. Qd2 h4 56. Qd1+ Kg3 57. Qb3+ Kf4 58. Qb2 Qe3+ 59. Kh1 Kg3 60. Qa1 h3 61. Qf1 g4 62. gxh3 Qf3+ 0-1

[Event "CAN-op (Pinnacle 48th CAN Op Ch)"]
[Site "Toronto CAN"]
[Date "2011.07.13"]
[Round "5"]
[White "Hebert, Jean"]
[Black "Rozentalis, Eduardas"]
[Result "1/2-1/2"]
[WhiteElo "2414"]
[BlackElo "2571"]
[PlyCount "62"]
[GameId "2160767909707242"]
[EventDate "2011.07.09"]
[EventType "swiss"]
[EventRounds "9"]
[EventCountry "CAN"]
[SourceTitle "CBM 143 Extra"]
[Source "ChessBase"]
[SourceDate "2011.08.29"]
[SourceVersion "1"]
[SourceVersionDate "2011.08.29"]
[SourceQuality "1"]

1. d4 Nf6 2. c4 e6 3. Nf3 Bb4+ 4. Bd2 c5 5. Bxb4 cxb4 6. g3 O-O 7. Bg2 d6 8. Nbd2 Qe7 9. Nf1 a5 10. a3 Na6 11. Ne3 b6 12. O-O Bb7 13. Nc2 d5 14. Ne5 Rac8 15. axb4 Nxb4 16. Nxb4 Qxb4 17. b3 Ba6 18. Qc2 Rfd8 19. e3 dxc4 20. bxc4 Bxc4 21. Rfb1 Bb3 22. Qb2 Rc2 23. Qxc2 Bxc2 24. Rxb4 axb4 25. Nc6 b3 26. Nxd8 b2 27. Re1 b1=Q 28. Rxb1 Bxb1 29. Nc6 Be4 30. Bxe4 Nxe4 31. f3 Nc3 1/2-1/2

[Event "CAN-op (Pinnacle 48th CAN Op Ch)"]
[Site "Toronto CAN"]
[Date "2011.07.14"]
[Round "6"]
[White "Shabalov, Alexander"]
[Black "Hebert, Jean"]
[Result "1-0"]
[WhiteElo "2577"]
[BlackElo "2414"]
[PlyCount "113"]
[GameId "2160767909707347"]
[EventDate "2011.07.09"]
[EventType "swiss"]
[EventRounds "9"]
[EventCountry "CAN"]
[SourceTitle "CBM 143 Extra"]
[Source "ChessBase"]
[SourceDate "2011.08.29"]
[SourceVersion "1"]
[SourceVersionDate "2011.08.29"]
[SourceQuality "1"]

1. d4 Nf6 2. c4 e6 3. Nf3 Bb4+ 4. Nbd2 Nc6 5. g3 d6 6. Bg2 a5 7. O-O e5 8. e3 exd4 9. exd4 d5 10. Ne5 Nxd4 11. cxd5 O-O 12. Ndc4 Nf5 13. Qf3 Nd4 14. Qd1 Nf5 15. a3 Bc5 16. Nd3 Be7 17. Nf4 Nd6 18. Ne3 Nf5 19. Nc4 Nd6 20. Ne5 Nd7 21. Ned3 Nf6 22. Ne5 Nd7 23. Nxf7 Rxf7 24. Ne6 Qe8 25. Nxc7 Qd8 26. Nxa8 b6 27. Qc2 Ba6 28. Nc7 Bxf1 29. Ne6 Qa8 30. Kxf1 Ne5 31. Bf4 Qa6+ 32. Kg1 Qd3 33. Rc1 Qxc2 34. Rxc2 Nec4 35. a4 h6 36. h4 Rf5 37. b3 Ne5 38. Nd4 Rxf4 39. gxf4 Nd3 40. Rc6 Nxf4 41. Rxb6 Kf7 42. Bf3 g6 43. Ra6 h5 44. Ra7 Ke8 45. Ne6 Nd3 46. Be2 Nb4 47. Bb5+ Kf7 48. Bc4 Kf6 49. Rxa5 Ke5 50. Ra8 Bxh4 51. a5 Nxd5 52. Bxd5 Kxd5 53. Nf4+ Kc6 54. Ra6+ Kd7 55. Nxg6 Bf6 56. Nf8+ Ke7 57. Rc6 1-0

[Event "CAN-op (Pinnacle 48th CAN Op Ch)"]
[Site "Toronto CAN"]
[Date "2011.07.15"]
[Round "7"]
[White "Hebert, Jean"]
[Black "Kleinman, Michael"]
[Result "1-0"]
[WhiteElo "2486"]
[BlackElo "2343"]
[PlyCount "73"]
[GameId "2160767909707388"]
[EventDate "2011.07.09"]
[EventType "swiss"]
[EventRounds "9"]
[EventCountry "CAN"]
[SourceTitle "EXT 2022"]
[Source "ChessBase"]
[SourceDate "2021.10.06"]
[SourceVersion "1"]
[SourceVersionDate "2021.10.06"]
[SourceQuality "1"]

1. d4 Nf6 2. c4 g6 3. Nc3 d5 4. cxd5 Nxd5 5. Bd2 Bg7 6. e4 Nb6 7. Be3 O-O 8. h3 Nc6 9. Nf3 f5 10. Qb3+ Kh8 11. Rd1 f4 12. Bd2 Nxd4 13. Nxd4 Bxd4 14. Nb5 c5 15. Nxd4 cxd4 16. Bb4 Rf6 17. Qa3 Qc7 18. Rxd4 Rf7 19. Bc3 Kg8 20. Qb3 Bd7 21. a4 a5 22. Rxd7 Nxd7 23. Bc4 Raf8 24. Qb5 b6 25. O-O Nc5 26. Bxf7+ Rxf7 27. Qc4 Qd7 28. Bxa5 Qxa4 29. Bb4 Qc6 30. f3 e6 31. Rc1 Rd7 32. Kh2 Qd6 33. Qb5 Rc7 34. Ra1 Rc8 35. Ra7 e5 36. Bxc5 Rxc5 37. Qb3+ 1-0

[Event "CAN-op (Pinnacle 48th CAN Op Ch)"]
[Site "Toronto CAN"]
[Date "2011.07.16"]
[Round "8"]
[White "Mikhalevski, Victor"]
[Black "Hebert, Jean"]
[Result "1/2-1/2"]
[WhiteElo "2569"]
[BlackElo "2414"]
[PlyCount "100"]
[GameId "2160767909707478"]
[EventDate "2011.07.09"]
[EventType "swiss"]
[EventRounds "9"]
[EventCountry "CAN"]
[SourceTitle "CBM 143 Extra"]
[Source "ChessBase"]
[SourceDate "2011.08.29"]
[SourceVersion "1"]
[SourceVersionDate "2011.08.29"]
[SourceQuality "1"]

1. d4 Nf6 2. c4 e6 3. g3 Bb4+ 4. Bd2 a5 5. Bg2 Nc6 6. Nf3 d5 7. Qc2 O-O 8. O-O dxc4 9. Qxc4 Qd5 10. Rc1 Rd8 11. Qxd5 Nxd5 12. a3 Be7 13. Nc3 Nxc3 14. Bxc3 a4 15. e3 Bd7 16. Be1 Bd6 17. Bc3 Na7 18. Ne1 Bc6 19. Nd3 Bxg2 20. Kxg2 Nb5 21. Be1 c6 22. Rc4 f6 23. Kf1 e5 24. dxe5 Bxe5 25. Nxe5 fxe5 26. Ke2 Kf7 27. Rac1 Nd6 28. Rh4 h6 29. Rc5 Ke6 30. Rg4 g5 31. h4 Kf5 32. Rb4 Re8 33. hxg5 hxg5 34. Bc3 Nb5 35. Bd2 Re7 36. Rcc4 Nd6 37. e4+ Kg4 38. Rc1 Ra6 39. Rh1 c5 40. f3+ Kxg3 41. Bxg5 Rf7 42. Rg1+ Kh2 43. Kf2 cxb4 44. Rg2+ Kh3 45. Rg3+ Kh2 46. Rg2+ Kh3 47. Rg3+ Kh2 48. Rg4 Rh7 49. Rg2+ Kh1 50. Rg1+ Kh2 1/2-1/2

[Event "CAN-op (Pinnacle 48th CAN Op Ch)"]
[Site "Toronto CAN"]
[Date "2011.07.17"]
[Round "9"]
[White "Hebert, Jean"]
[Black "Humphreys, Michael"]
[Result "1/2-1/2"]
[WhiteElo "2486"]
[BlackElo "2277"]
[PlyCount "82"]
[GameId "2160767909707531"]
[EventDate "2011.07.09"]
[EventType "swiss"]
[EventRounds "9"]
[EventCountry "CAN"]
[SourceTitle "EXT 2022"]
[Source "ChessBase"]
[SourceDate "2021.10.06"]
[SourceVersion "1"]
[SourceVersionDate "2021.10.06"]
[SourceQuality "1"]

1. d4 Nf6 2. c4 g6 3. Nc3 Bg7 4. e4 d6 5. Nf3 O-O 6. h3 e5 7. d5 Nh5 8. Nh2 Qe8 9. Be2 Nf4 10. Bf3 f5 11. g3 Nxh3 12. Bg2 fxe4 13. Nxe4 Bf5 14. Ng4 h5 15. Rxh3 Bxg4 16. f3 Rxf3 17. Bxf3 Bxh3 18. g4 hxg4 19. Bxg4 Bxg4 20. Qxg4 Nd7 21. Be3 Nf8 22. Ke2 Qd7 23. Qxd7 Nxd7 24. Rg1 Nf8 25. b3 Rd8 26. Rg2 b6 27. b4 Ra8 28. a3 a5 29. Nc3 axb4 30. axb4 e4 31. Nxe4 Ra2+ 32. Kf1 Ra1+ 33. Ke2 Ra2+ 34. Kf1 Rxg2 35. Kxg2 Nd7 36. Bg5 Ne5 37. c5 dxc5 38. bxc5 bxc5 39. Nxc5 Bf8 40. Ne6 Nf7 41. Bd2 Bd6 1/2-1/2

[Event "St-Jean op"]
[Site "Quebec CAN"]
[Date "2011.06.24"]
[Round "1"]
[White "De Lagrave, Sylvain"]
[Black "Hebert, Jean"]
[Result "0-1"]
[WhiteElo "2095"]
[BlackElo "2397"]
[PlyCount "62"]
[GameId "2160767909704164"]
[EventDate "2011.06.24"]
[EventType "swiss"]
[EventRounds "5"]
[EventCountry "CAN"]

1. e4 g6 2. d4 d6 3. Nc3 c6 4. g3 Bg7 5. Bg2 Nf6 6. Nge2 O-O 7. O-O Qc7 8. h3 e5 9. Be3 Re8 10. a4 a5 11. Qd2 Na6 12. g4 Nb4 13. Rad1 d5 14. Ng3 Nxe4 15. Ngxe4 dxe4 16. d5 f5 17. d6 Qd7 18. Bxe4 fxe4 19. Nxe4 b6 20. Bxb6 Nd5 21. Be3 Qf7 22. c4 Nf4 23. Bxf4 exf4 24. Ng5 Qf6 25. Nxh7 Kxh7 26. d7 Bxd7 27. Qxd7 Re7 28. Qd2 Rb8 29. Rb1 Rb3 30. f3 Qd4+ 31. Qxd4 Bxd4+ 0-1

[Event "St-Jean op"]
[Site "Quebec CAN"]
[Date "2011.06.25"]
[Round "2"]
[White "Hebert, Jean"]
[Black "Libersan, Thierry"]
[Result "1-0"]
[WhiteElo "2397"]
[BlackElo "2140"]
[PlyCount "57"]
[GameId "2160767909704166"]
[EventDate "2011.06.24"]
[EventType "swiss"]
[EventRounds "5"]
[EventCountry "CAN"]

1. d4 Nf6 2. c4 g6 3. Nc3 Bg7 4. e4 O-O 5. Nf3 d6 6. h3 c5 7. d5 e6 8. Bd3 exd5 9. exd5 Re8+ 10. Be3 Nbd7 11. O-O Nh5 12. g4 Nhf6 13. Qd2 Ne5 14. Nxe5 Rxe5 15. Bf4 Nxg4 16. hxg4 Bxg4 17. Bxe5 Bxe5 18. f4 Bd4+ 19. Kg2 Qd7 20. f5 gxf5 21. Rf4 Kh8 22. Rxg4 fxg4 23. Rf1 Qe7 24. Qh6 f6 25. Rh1 f5 26. Bxf5 Rf8 27. Qxh7+ Qxh7 28. Rxh7+ Kg8 29. Rh5 1-0

[Event "St-Jean op"]
[Site "Quebec CAN"]
[Date "2011.06.25"]
[Round "3"]
[White "Gras, Guillaume"]
[Black "Hebert, Jean"]
[Result "0-1"]
[WhiteElo "2095"]
[BlackElo "2397"]
[PlyCount "36"]
[GameId "2160767909704170"]
[EventDate "2011.06.24"]
[EventType "swiss"]
[EventRounds "5"]
[EventCountry "CAN"]

1. e4 g6 2. Nc3 d6 3. d4 c6 4. f4 d5 5. e5 h5 6. Be2 Nh6 7. Be3 Bf5 8. h3 e6 9. g4 hxg4 10. hxg4 Nxg4 11. Rxh8 Nxe3 12. Qd2 Nxc2+ 13. Kd1 Nxa1 14. Nb5 cxb5 15. Bxb5+ Nc6 16. Qc3 Qb6 17. Qa3 O-O-O 18. Rxf8 Qxb5 0-1

[Event "St-Jean op"]
[Site "Quebec CAN"]
[Date "2011.06.26"]
[Round "4"]
[White "Hebert, Jean"]
[Black "Sambuev, Bator"]
[Result "1-0"]
[WhiteElo "2397"]
[BlackElo "2549"]
[PlyCount "51"]
[GameId "2160767909704175"]
[EventDate "2011.06.24"]
[EventType "swiss"]
[EventRounds "5"]
[EventCountry "CAN"]

1. d4 Nf6 2. c4 g6 3. Nc3 Bg7 4. e4 O-O 5. Nf3 d6 6. h3 e5 7. d5 Nh5 8. Nh2 Qe8 9. Be2 Nf4 10. Bf3 f5 11. g3 Nxh3 12. Bg2 Qf7 13. Qf3 fxe4 14. Nxe4 h6 15. Qxf7+ Rxf7 16. Nf1 Bf5 17. Rxh3 Bxh3 18. Bxh3 Rf8 19. Be6+ Kh7 20. Be3 Na6 21. a3 Rfd8 22. O-O-O Bf8 23. Nfd2 c6 24. Rh1 Nc7 25. Nf6+ Kh8 26. Bxh6 1-0

[Event "St-Jean op"]
[Site "Quebec CAN"]
[Date "2011.06.26"]
[Round "5"]
[White "Kovalyov, Anton"]
[Black "Hebert, Jean"]
[Result "1-0"]
[WhiteElo "2594"]
[BlackElo "2397"]
[PlyCount "189"]
[GameId "2160767909704178"]
[EventDate "2011.06.24"]
[EventType "swiss"]
[EventRounds "5"]
[EventCountry "CAN"]

1. c4 Nf6 2. Nf3 c6 3. d4 d5 4. e3 Bf5 5. Nc3 e6 6. Nh4 Bg6 7. Be2 Nbd7 8. O-O Bd6 9. g3 O-O 10. Nxg6 hxg6 11. Qb3 Rb8 12. Bd2 a6 13. Qc2 Qe7 14. Rfd1 Rfd8 15. Rab1 dxc4 16. Bxc4 c5 17. dxc5 Bxc5 18. Be2 Rbc8 19. Rbc1 Nb6 20. Be1 Rxd1 21. Qxd1 Rd8 22. Qc2 Bd6 23. Qb3 Nc8 24. Bf3 b5 25. Ne2 Na7 26. Nd4 Bc5 27. Nc2 Rc8 28. Nb4 a5 29. Nd3 a4 30. Qd1 Bd6 31. a3 Ne8 32. Bc3 Bb8 33. Nb4 Nd6 34. Na6 Nc4 35. Nxb8 Rxb8 36. Qd4 e5 37. Qe4 Rc8 38. Bb4 Qc7 39. Be2 Qc6 40. Qg4 f5 41. Bxc4+ bxc4 42. Qd1 Kf7 43. Rc2 Kg8 44. Rd2 Kh7 45. Rd6 Qe4 46. Qxa4 c3 47. bxc3 Rxc3 48. Qd1 Rc2 49. Rd3 Qc4 50. Qf1 Nc6 51. Rd1 Qxf1+ 52. Kxf1 Nxb4 53. axb4 Rb2 54. Rd5 Rxb4 55. Rxe5 Rb2 56. Kg2 Kg8 57. Re7 Kh7 58. h3 Rb4 59. Kf3 Kh6 60. Rf7 Kh7 61. g4 Kg8 62. Re7 Kf8 63. Rc7 Rb2 64. Kg3 Kg8 65. Rc5 fxg4 66. hxg4 Re2 67. Rc7 Kh7 68. Kf3 Ra2 69. g5 Kg8 70. e4 Kf8 71. Rd7 Rb2 72. Ke3 Ra2 73. f3 Ra5 74. Kf4 Rb5 75. Rd5 Rb6 76. Ke5 Ke7 77. Rc5 Rb7 78. f4 Ra7 79. f5 gxf5 80. Kxf5 Ra6 81. Rc7+ Kf8 82. g6 Rf6+ 83. Kg5 Re6 84. Rf7+ Kg8 85. Kf5 Re8 86. e5 Rf8 87. Ke6 Re8+ 88. Re7 Ra8 89. Kd7 Ra7+ 90. Ke6 Ra8 91. Rc7 Ra6+ 92. Kd7 Rxg6 93. e6 Rg1 94. Rc8+ Kh7 95. Rc6 1-0

[Event "Sherbrooke op"]
[Site "Sherbrooke CAN"]
[Date "2011.05.28"]
[Round "3"]
[White "Kraiouchkine, Nikita"]
[Black "Hebert, Jean"]
[Result "1-0"]
[WhiteElo "2282"]
[BlackElo "2413"]
[PlyCount "137"]
[GameId "2160767909704276"]
[EventDate "2011.05.27"]
[EventType "swiss"]
[EventRounds "5"]
[EventCountry "CAN"]

1. e4 g6 2. d4 d6 3. Nc3 c6 4. f4 d5 5. e5 h5 6. Nf3 Nh6 7. Be3 Bf5 8. h3 Nd7 9. Be2 b5 10. O-O Nb6 11. a3 e6 12. Na2 Be7 13. Nb4 Qd7 14. Na6 Be4 15. Ng5 Nf5 16. Bf2 Bxg5 17. fxg5 Qe7 18. h4 Nc4 19. Qc1 O-O 20. b3 Nb6 21. a4 bxa4 22. bxa4 Nd7 23. Rb1 c5 24. Qa3 Qd8 25. Nxc5 Nxc5 26. dxc5 Bxc2 27. Rbc1 Be4 28. Rfd1 Qc7 29. Qc3 d4 30. Bxd4 Bc6 31. g4 hxg4 32. Bxg4 Bxa4 33. Bxf5 gxf5 34. Rd2 Qc6 35. Qg3 Rfd8 36. g6 Qe4 37. Re1 Qg4 38. Qxg4 fxg4 39. Re4 fxg6 40. Rxg4 Kh7 41. Rf2 Rf8 42. Rf6 Rxf6 43. exf6 Be8 44. Be5 a5 45. h5 Rc8 46. Bd6 Rc6 47. hxg6+ Bxg6 48. Ra4 Ra6 49. Rc4 Rc6 50. Rc3 Kg8 51. Rb3 Kf7 52. Be7 e5 53. Kf2 a4 54. Rc3 Ke6 55. Rc4 Kd5 56. Rxa4 Rc8 57. Rg4 Bf7 58. Rg7 Ke6 59. Ke3 Ra8 60. Rg1 Ra3+ 61. Kd2 e4 62. Rc1 Kd5 63. c6 e3+ 64. Ke1 Ra8 65. c7 Rc8 66. Bd8 Kd4 67. Ra1 Bc4 68. Ra4 Kd3 69. Rxc4 1-0

[Event "Sherbrooke op"]
[Site "Sherbrooke CAN"]
[Date "2011.05.29"]
[Round "4"]
[White "Hebert, Jean"]
[Black "Auger, Bertrand"]
[Result "1/2-1/2"]
[WhiteElo "2413"]
[BlackElo "1955"]
[PlyCount "96"]
[GameId "2160767909704278"]
[EventDate "2011.05.27"]
[EventType "swiss"]
[EventRounds "5"]
[EventCountry "CAN"]

1. c4 Nf6 2. Nc3 c5 3. Nf3 b6 4. e4 Bb7 5. d3 d6 6. g3 g6 7. Bg2 Bg7 8. O-O O-O 9. Nh4 Nc6 10. f4 Qc7 11. g4 Nd4 12. Be3 Nd7 13. f5 e6 14. Qd2 a6 15. Rac1 Rae8 16. Bg5 f6 17. Be3 Ne5 18. h3 Qb8 19. fxe6 Nxe6 20. Nd5 Bxd5 21. cxd5 Ng5 22. Rc3 Qd8 23. Qf2 b5 24. Qg3 a5 25. d4 cxd4 26. Bxd4 f5 27. gxf5 Nef3+ 28. Nxf3 Nxf3+ 29. Rcxf3 Bxd4+ 30. Kh1 Rxe4 31. fxg6 Rxf3 32. Qxf3 Re7 33. Qg4 Bg7 34. gxh7+ Kh8 35. Be4 Rc7 36. Bd3 Bxb2 37. Qf4 Bg7 38. Bxb5 Qc8 39. Qg4 Qxg4 40. hxg4 Kxh7 41. Bd3+ Kh6 42. Rf5 Rc1+ 43. Kg2 Be5 44. Rh5+ Kg7 45. g5 Rd1 46. Bf5 Rd2+ 47. Kf3 Rh2 48. Rxh2 Bxh2 1/2-1/2

[Event "Mauricie op"]
[Site "Trois-Rivieres CAN"]
[Date "2011.03.18"]
[Round "1"]
[White "Hebert, Jean"]
[Black "Riordon, Jason"]
[Result "1-0"]
[WhiteElo "2417"]
[BlackElo "2035"]
[PlyCount "85"]
[GameId "2160767909787346"]
[EventDate "2011.03.18"]
[EventType "swiss"]
[EventRounds "5"]
[EventCountry "CAN"]
[SourceTitle "EXT 2022"]
[Source "ChessBase"]
[SourceDate "2021.10.06"]
[SourceVersion "1"]
[SourceVersionDate "2021.10.06"]
[SourceQuality "1"]

1. Nf3 d5 2. c4 c6 3. d4 Nf6 4. Nc3 e6 5. e3 Nbd7 6. Qc2 Be7 7. b3 O-O 8. Bd3 c5 9. O-O b6 10. cxd5 exd5 11. Bb2 Bb7 12. Rfd1 Rc8 13. dxc5 Nxc5 14. Bf5 Ne6 15. Qe2 Bd6 16. Nb5 Ba6 17. a4 Rc5 18. Bd3 Re8 19. Bxf6 gxf6 20. Nxd6 Bxd3 21. Qxd3 Qxd6 22. Qf5 Ng7 23. Qg4 f5 24. Qd4 Re4 25. Qd3 Qc7 26. Nd4 f4 27. Nb5 Qe7 28. exf4 Rxf4 29. Qg3 Re4 30. Qb8+ Ne8 31. Nxa7 Qf6 32. Nb5 Re2 33. Qg3+ Kh8 34. h3 d4 35. Nxd4 Rg5 36. Qf3 Rb2 37. Rac1 Kg7 38. Qxf6+ Nxf6 39. Rc2 Rxc2 40. Nxc2 Rc5 41. Ne3 Ne4 42. f3 Nc3 43. Rd6 1-0